[Event "Hoogovens"]
[Site "Wijk aan Zee"]
[Date "1981.??.??"]
[Round "?"]
[White "Andersson, Ulf"]
[Black "Gheorghiu, Florin"]
[Result "1/2-1/2"]
[WhiteElo "2610"]
[BlackElo "2545"]

1.c4 c5 2.g3 g6 3.Bg2 Bg7 4.Nc3 Nc6 5.e3 e6 6.Nge2 Nge7 7.d4 cxd4 8.exd4 d5
9.cxd5 Nxd5 10.Nxd5 exd5 11.O-O O-O 12.Be3 Bg4 13.Qd2 Bxe2 14.Qxe2 Nxd4 15.Bxd4 Bxd4
16.Rad1 Qb6  1/2-1/2

[Event "Hoogovens"]
[Site "Wijk aan Zee"]
[Date "1981.??.??"]
[Round "?"]
[White "Andersson, Ulf"]
[Black "Torre, Eugenio"]
[Result "1/2-1/2"]
[WhiteElo "2610"]
[BlackElo "2550"]

1.Nf3 g6 2.d4 Nf6 3.g3 Bg7 4.Bg2 O-O 5.O-O d6 6.Re1 Nbd7 7.e4 e5 8.Nc3 Re8
9.h3 exd4 10.Nxd4 Nc5 11.Nb3 Nxb3 12.axb3 Bd7 13.Bf4 Bc6 14.Qd2 Nd7 15.Bg5 Bf6
16.Bxf6 Qxf6 17.f4 a6 18.Re3 Re7 19.Rae1 Rae8 20.b4 h5 21.h4 Qe6 22.Nd1 Nf6
23.Nf2 Ng4 24.Nxg4 Qxg4 25.c4 Qc8 26.Qd4  1/2-1/2

[Event "Hoogovens"]
[Site "Wijk aan Zee"]
[Date "1981.??.??"]
[Round "?"]
[White "Andersson, Ulf"]
[Black "Unzicker, Wolfgang"]
[Result "1-0"]
[WhiteElo "2610"]
[BlackElo "2515"]

1.Nf3 Nf6 2.c4 e6 3.g3 d5 4.d4 c5 5.cxd5 exd5 6.Bg2 Nc6 7.O-O Be7 8.dxc5 Bxc5
9.Bg5 Be6 10.Nc3 Be7 11.Qa4 O-O 12.Rad1 Qb6 13.Bxf6 Bxf6 14.Nxd5 Bxd5 15.Rxd5 Qxb2
16.Rb5 Qxe2 17.Rxb7 Qe8 18.Re1 Ne5 19.Qxe8 Nxf3+ 20.Bxf3 Rfxe8 21.Rxe8+ Rxe8
22.Bd5 Rd8 23.Bxf7+ Kf8 24.Bb3 Bd4 25.Kg2 Rd6 26.f4 a5 27.Kf3 Rb6 28.Rf7+ Ke8
29.Rf5 Ra6 30.Rd5 Bf6 31.Ba4+ Kf8 32.h4 h6 33.Rc5 Ra7 34.Kg4 Bd4 35.Rd5 Bc3
36.Rc5 Bd4 37.Rc4 Bf6 38.Rc8+ Ke7 39.Kf5 Kf7 40.h5 Bd4 41.Rc4 Bb2 42.g4 Ra6
43.Rc7+ Kf8 44.Bc6 Rb6 45.g5 hxg5 46.fxg5 Rb8 47.Kg6 Rd8 48.Rf7+ Kg8 49.Bd7 Rb8
50.Be6  1-0

[Event "Hoogovens"]
[Site "Wijk aan Zee"]
[Date "1981.??.??"]
[Round "?"]
[White "Browne, Walter S"]
[Black "Gheorghiu, Florin"]
[Result "1-0"]
[WhiteElo "2555"]
[BlackElo "2545"]

1.d4 Nf6 2.c4 e6 3.Nf3 b6 4.Nc3 Bb7 5.a3 d5 6.cxd5 Nxd5 7.e3 Be7 8.Bb5+ c6
9.Bd3 Nxc3 10.bxc3 c5 11.e4 Nc6 12.Bb2 Rc8 13.Qe2 cxd4 14.cxd4 O-O 15.O-O Bf6
16.Rad1 Na5 17.Rfe1 Bc6 18.d5 exd5 19.e5 Be7 20.e6 Ba4 21.exf7+ Rxf7 22.Qe6 Bxd1
23.Bxh7+ Kxh7 24.Qxf7 Qf8 25.Qh5+ Kg8 26.Qxd5+ Qf7 27.Qxd1 Nc4 28.Qd7 Rd8
29.Qxe7 Qxe7 30.Rxe7 Nxb2 31.h4 a5 32.Ng5 Nc4 33.Ne6 Rd1+ 34.Kh2 Nxa3 35.h5 Nc4
36.Rxg7+ Kh8 37.Rc7 b5 38.h6 a4 39.Ng5  1-0

[Event "Hoogovens"]
[Site "Wijk aan Zee"]
[Date "1981.??.??"]
[Round "?"]
[White "Browne, Walter S"]
[Black "Torre, Eugenio"]
[Result "1/2-1/2"]
[WhiteElo "2555"]
[BlackElo "2550"]

1.Nf3 d5 2.c4 c6 3.e3 Nf6 4.Nc3 Bg4 5.cxd5 Bxf3 6.Qxf3 cxd5 7.e4 dxe4 8.Nxe4 Nxe4
9.Qxe4 Nc6 10.Bb5 Rc8 11.O-O e6 12.d4 Be7 13.Rd1  1/2-1/2

[Event "Hoogovens"]
[Site "Wijk aan Zee"]
[Date "1981.??.??"]
[Round "?"]
[White "Ree, Hans"]
[Black "Sosonko, Gennadi"]
[Result "1/2-1/2"]
[WhiteElo "2485"]
[BlackElo "2595"]

1.d4 Nf6 2.c4 e6 3.Nc3 Bb4 4.Qc2 Nc6 5.Nf3 d6 6.Bd2 Qe7 7.a3 Bxc3 8.Bxc3 e5
9.dxe5 dxe5 10.e3 Bg4 11.Be2 O-O 12.O-O Rfe8 13.h3 Bh5  1/2-1/2

[Event "Hoogovens"]
[Site "Wijk aan Zee"]
[Date "1981.??.??"]
[Round "?"]
[White "Ree, Hans"]
[Black "Torre, Eugenio"]
[Result "1-0"]
[WhiteElo "2485"]
[BlackElo "2550"]

1.d4 c5 2.d5 d6 3.c4 e5 4.e4 Be7 5.Nf3 Nf6 6.Nc3 O-O 7.Be2 Ne8 8.O-O Nd7
9.a3 g6 10.Bh6 Ng7 11.Qd2 Nf6 12.Ne1 Kh8 13.Nd3 Ng8 14.Be3 f5 15.f4 exf4
16.Bxf4 fxe4 17.Nxe4 Nf6 18.Ndf2 Nxe4 19.Nxe4 Bf5 20.Nf2 g5 21.Be3 Bg6 22.g4 Bf6
23.Bd3 Bxd3 24.Qxd3 Qd7 25.h3 Bxb2 26.Rab1 Be5 27.Bxg5 Rf7 28.Ne4 Raf8 29.Bh6 Qe7
30.Kg2 Rxf1 31.Rxf1 Rxf1 32.Qxf1 Kg8 33.a4 Ne8 34.Qf5 Qf7 35.Qxf7+ Kxf7 36.Kf3 Nc7
37.h4 Na8 38.a5 b6 39.Bd2 Nc7 40.Ng5+ Kg7 41.axb6 axb6 42.Ke4 Bf6 43.Kf5 Bxg5
44.Bxg5 Kf7 45.Bd8 Na8 46.g5 Ke8 47.h5  1-0

[Event "Hoogovens"]
[Site "Wijk aan Zee"]
[Date "1981.??.??"]
[Round "?"]
[White "Sax, Gyula"]
[Black "Andersson, Ulf"]
[Result "1/2-1/2"]
[WhiteElo "2560"]
[BlackElo "2610"]

1.e4 c6 2.d4 d5 3.Nc3 dxe4 4.Nxe4 Nf6 5.Nxf6+ exf6 6.Bc4 Qe7+ 7.Qe2 Be6 8.Bxe6 Qxe6
9.Qxe6+ fxe6 10.Be3 Nd7 11.O-O-O Kf7 12.Ne2 Bd6 13.Bf4 Bxf4+ 14.Nxf4  1/2-1/2

[Event "Hoogovens"]
[Site "Wijk aan Zee"]
[Date "1981.??.??"]
[Round "?"]
[White "Browne, Walter S"]
[Black "Unzicker, Wolfgang"]
[Result "1/2-1/2"]
[WhiteElo "2555"]
[BlackElo "2515"]

1.d4 Nf6 2.Nf3 d5 3.c4 c6 4.Nc3 dxc4 5.a4 Bf5 6.Ne5 Nbd7 7.Nxc4 Qc7 8.g3 e5
9.dxe5 Nxe5 10.Bf4 Nfd7 11.Bg2 Be6 12.Nxe5 Nxe5 13.Qd4 f6 14.a5 a6 15.Ne4 Bd5
16.O-O Be7 17.Rfd1 Rd8 18.Qc3 Bxe4 19.Bxe4 O-O 20.Be3 Rd6 21.Qb3+ Kh8 22.Bb6 Qc8
23.Rxd6 Bxd6 24.Rd1 Bc7 25.f4 Bxb6+ 26.axb6 Nf7 27.Qc2 g6 28.Qc5 Kg7 29.Bf3 Qe6
30.Kg2 Re8 31.b4 Re7 32.Rd4 Rd7 33.Re4 Qd6 34.Re8 Qxc5 35.bxc5 Nd8 36.Re3 Kf7
37.Rc3 Ne6 38.Kf2 Rd4 39.e3 Rd2+ 40.Be2 Rd5 41.Bc4 Rd2+ 42.Kf3 Ke7 43.Bxe6 Kxe6
44.e4 Rxh2 45.Rc1 h5 46.Rd1 Rc2 47.Rd6+ Ke7 48.e5 fxe5 49.Rxg6 exf4 50.Kxf4 Rc4+
51.Kf3 Rxc5 52.Rg7+ Kd6 53.Rxb7 Rb5 54.Rh7 a5 55.b7 a4 56.Rxh5 Rxb7 57.Ra5 Rb3+
58.Kf4 Rb4+ 59.Kf3 c5 60.g4 Kc6 61.g5  1/2-1/2

[Event "Hoogovens"]
[Site "Wijk aan Zee"]
[Date "1981.??.??"]
[Round "?"]
[White "Gheorghiu, Florin"]
[Black "Taimanov, Mark E"]
[Result "1/2-1/2"]
[WhiteElo "2545"]
[BlackElo "2500"]

1.c4 Nf6 2.Nc3 c5 3.Nf3 Nc6 4.d4 cxd4 5.Nxd4 e6 6.g3 Bc5 7.Nb3 Be7 8.Bg2 O-O
9.O-O b6 10.Nd5 exd5 11.cxd5 Bb7 12.d6 Re8 13.dxe7 Qxe7 14.Re1 Ne4 15.Be3 d5
16.Nd4 Ne5 17.Nf3 Nc4 18.Bd4 Rac8 19.e3 Rc7 20.Rc1 Rec8 21.Re2 Ncd2  1/2-1/2

[Event "Hoogovens"]
[Site "Wijk aan Zee"]
[Date "1981.??.??"]
[Round "?"]
[White "Gheorghiu, Florin"]
[Black "Unzicker, Wolfgang"]
[Result "1/2-1/2"]
[WhiteElo "2545"]
[BlackElo "2515"]

1.d4 Nf6 2.c4 e6 3.Nf3 b6 4.g3 Bb7 5.Bg2 Be7 6.O-O O-O 7.d5 exd5 8.Nh4 Ne4
9.cxd5 Bxh4 10.Bxe4 Bf6 11.Qc2 h6 12.Rd1 Na6 13.Nc3 Nc5 14.Bg2 Re8 15.Be3 Rxe3
16.fxe3 Qe7 17.e4 Re8 18.b4 Bxc3 19.Qxc3 Nxe4 20.Qd4 Nd6 21.e4 Nxe4 22.Bxe4 Qxe4
23.Qxe4 Rxe4 24.Rac1 c6 25.Re1 Rxb4 26.Re8+ Kh7 27.Rd8 cxd5 28.Rxd7 Ba6 29.Rcc7 Rb1+
30.Kf2 Rb2+ 31.Ke3 Bc4 32.Kd4 Rd2+ 33.Kc3 Rxh2 34.Rxf7 Kg6 35.Rxg7+ Kf6 36.Rcf7+ Ke5
37.Rxa7 Bxa2 38.Rge7+ Kf6 39.Reb7 Bc4 40.Rxb6+ Kf5 41.Rf7+ Kg5 42.Rg7+ Kf5
43.Rgg6 h5 44.Rbf6+ Ke5 45.Re6+ Kf5 46.Rgf6+ Kg4 47.Re3 Re2 48.Rf4+ Kh3 49.Rh4+ Kg2
50.Kd4 Rxe3 51.Kxe3 Kxg3 52.Rxh5 Kg4 53.Re5 Bb3 54.Kd4 Kf4 55.Re2 Kf5  1/2-1/2

[Event "Hoogovens"]
[Site "Wijk aan Zee"]
[Date "1981.??.??"]
[Round "?"]
[White "Langeweg, Kick"]
[Black "Gheorghiu, Florin"]
[Result "1/2-1/2"]
[WhiteElo "2455"]
[BlackElo "2545"]

1.d4 Nf6 2.c4 c5 3.d5 g6 4.Nc3 d6 5.e4 Bg7 6.Be2 O-O 7.Nf3 e6 8.O-O Re8 9.Bf4 exd5
10.exd5 Ne4 11.Nxe4 Rxe4 12.Bg5 Qf8 13.Bd3 Re8 14.Qb3 Nd7  1/2-1/2

[Event "Hoogovens"]
[Site "Wijk aan Zee"]
[Date "1981.??.??"]
[Round "?"]
[White "Langeweg, Kick"]
[Black "Ree, Hans"]
[Result "1/2-1/2"]
[WhiteElo "2455"]
[BlackElo "2485"]

1.d4 d5 2.c4 c6 3.Nf3 Nf6 4.Nc3 e6 5.Bg5 dxc4 6.e4 b5 7.e5 h6 8.Bh4 g5 9.Nxg5 hxg5
10.Bxg5 Nbd7 11.g3 Qa5 12.exf6 b4 13.Ne4 Ba6 14.Be2 O-O-O 15.O-O Qf5 16.Qc2 Nb6
17.Rad1 Bb7 18.f3 c5 19.Qc1 Bxe4 20.fxe4 Qxe4 21.Bxc4 Nxc4 22.Qxc4 Rxd4 23.Qa6+  1/2-1/2

[Event "Hoogovens"]
[Site "Wijk aan Zee"]
[Date "1981.??.??"]
[Round "?"]
[White "Langeweg, Kick"]
[Black "Sosonko, Gennadi"]
[Result "0-1"]
[WhiteElo "2455"]
[BlackElo "2595"]

1.d4 Nf6 2.c4 e6 3.Nf3 b6 4.a3 Bb7 5.Nc3 d5 6.Bg5 Be7 7.e3 Nbd7 8.Rc1 O-O
9.cxd5 exd5 10.Bd3 c5 11.O-O Ne4 12.Bxe7 Qxe7 13.dxc5 bxc5 14.Bb1 Nb6 15.Qd3 f5
16.Ba2 Rad8 17.Qb5 Kh8 18.Qa5 d4 19.exd4 cxd4 20.Nb5 Ng5 21.Nxg5 Qxg5 22.f3 Bxf3
23.Rc2 d3  0-1

[Event "Hoogovens"]
[Site "Wijk aan Zee"]
[Date "1981.??.??"]
[Round "?"]
[White "Miles, Anthony J"]
[Black "Andersson, Ulf"]
[Result "1-0"]
[WhiteElo "2590"]
[BlackElo "2610"]

1.d4 Nf6 2.c4 e6 3.Nf3 b6 4.Nc3 Bb4 5.Qc2 Bb7 6.a3 Bxc3+ 7.Qxc3 d6 8.e3 Nbd7
9.b4 O-O 10.Bb2 Qe7 11.Be2 Ne4 12.Qc2 f5 13.O-O Ndf6 14.Rad1 Rae8 15.Nd2 Nxd2
16.Qxd2 Ne4 17.Qc1 Rf6 18.f3 Ng5 19.c5 Rh6 20.c6 Bc8 21.Bd3 Qf7 22.e4 f4
23.e5 dxe5 24.dxe5 Rf8 25.Rd2 Rh4 26.Qc2 Qh5 27.h3 Nf7 28.Re1 Qg5 29.Kf1 Rh5
30.Rdd1 Qg3 31.Qf2 Qh2 32.b5 Rd8 33.Bc4 Rxd1 34.Rxd1  1-0

[Event "Hoogovens"]
[Site "Wijk aan Zee"]
[Date "1981.??.??"]
[Round "?"]
[White "Miles, Anthony J"]
[Black "Taimanov, Mark E"]
[Result "1/2-1/2"]
[WhiteElo "2590"]
[BlackElo "2500"]

1.d4 Nf6 2.c4 e6 3.Nf3 b6 4.Nc3 Bb4 5.Qc2 Bb7 6.a3 Bxc3+ 7.Qxc3 O-O 8.e3 c5
9.dxc5 bxc5 10.b4 Ne4 11.Qc2 cxb4 12.axb4 a5 13.Bd3 f5 14.b5 d6 15.Nd4 Nc5
16.O-O Nbd7 17.Be2 a4 18.Ba3 Rc8 19.Rad1 e5 20.Nf3 Qe7 21.Ne1 Nb6 22.Qd2 Rfd8
23.Qa5 Qc7 24.Qb4  1/2-1/2

[Event "Hoogovens"]
[Site "Wijk aan Zee"]
[Date "1981.??.??"]
[Round "?"]
[White "Miles, Anthony J"]
[Black "Timman, Jan H"]
[Result "0-1"]
[WhiteElo "2590"]
[BlackElo "2620"]

1.Nf3 Nf6 2.c4 b6 3.d4 e6 4.Nc3 Bb4 5.Qc2 Bb7 6.a3 Bxc3+ 7.Qxc3 d6 8.b4 Nbd7
9.Bb2 Ne4 10.Qc2 Ndf6 11.h3 Nh5 12.e3 f5 13.Be2 O-O 14.O-O Nhf6 15.Rad1 Qe8
16.d5 e5 17.c5 bxc5 18.bxc5 Bxd5 19.cxd6 cxd6 20.Rxd5 Nxd5 21.Bc4 Qc6 22.Qd3 Nf6
23.Rd1 e4 24.Nd4 exd3 25.Nxc6 Kh8 26.Bxd3 Rfc8 27.Nb4 Nc3 28.Rc1 Na4 29.Rxc8+ Rxc8
30.Bxf6 gxf6 31.Bxf5 Rc3 32.Nc2 Nb2 33.Kf1 Nc4 34.a4 Nb2 35.a5 Rc5 36.g4 Rxa5
37.Ke2 Rc5 38.Nb4 a5 39.Na2 h5 40.Kd2 Nc4+ 41.Kd3 Ne5+ 42.Kd2 Nf3+ 43.Kd3 a4
44.Be6 Ng5 45.Bd7 Nxh3 46.gxh5 Nxf2+ 47.Kd4 Rxh5  0-1

[Event "Hoogovens"]
[Site "Wijk aan Zee"]
[Date "1981.??.??"]
[Round "?"]
[White "Sax, Gyula"]
[Black "Sosonko, Gennadi"]
[Result "1/2-1/2"]
[WhiteElo "2560"]
[BlackElo "2595"]

1.e4 c5 2.Nf3 d6 3.d4 cxd4 4.Nxd4 Nf6 5.Nc3 g6 6.Be3 Bg7 7.f3 Nc6 8.Qd2 O-O
9.Bc4 Bd7 10.h4 h5 11.O-O-O Ne5 12.Bb3 Rc8 13.Kb1 Nc4 14.Bxc4 Rxc4 15.Nde2 Be6
16.e5 Ne8 17.Bh6 Bxe5 18.Bxf8 Kxf8 19.Qe3 Qa5 20.Nd4 Nc7 21.Nxe6+  1/2-1/2

[Event "Hoogovens"]
[Site "Wijk aan Zee"]
[Date "1981.??.??"]
[Round "?"]
[White "Sosonko, Gennadi"]
[Black "Unzicker, Wolfgang"]
[Result "1/2-1/2"]
[WhiteElo "2595"]
[BlackElo "2515"]

1.d4 d5 2.c4 c6 3.Nf3 Nf6 4.Nc3 dxc4 5.a4 Bf5 6.Ne5 Nbd7 7.Nxc4 Qc7 8.g3 e5
9.dxe5 Nxe5 10.Bf4 Nfd7 11.Bg2 Be6 12.Nxe5 Nxe5 13.O-O Qa5 14.Qd4 f6 15.Ne4 Rd8
16.Qe3 Nc4 17.Qc1  1/2-1/2

[Event "Hoogovens"]
[Site "Wijk aan Zee"]
[Date "1981.??.??"]
[Round "?"]
[White "Sosonko, Gennadi"]
[Black "Gheorghiu, Florin"]
[Result "1-0"]
[WhiteElo "2595"]
[BlackElo "2545"]

1.d4 Nf6 2.c4 e6 3.Nf3 b6 4.g3 Ba6 5.Nbd2 Bb7 6.Bg2 c5 7.e4 cxd4 8.e5 Ng8
9.O-O d6 10.Nxd4 Bxg2 11.Kxg2 a6 12.exd6 Bxd6 13.Qf3 Ra7 14.Ne4 Rd7 15.Rd1 Ne7
16.Ng5 Ng6 17.Ndxe6 Qf6 18.Qxf6 gxf6 19.Ng7+ Kf8 20.Nf5 Bxg3 21.Rxd7 Nxd7
22.hxg3 fxg5 23.Bxg5 f6 24.Rd1 Ke8 25.Be3 h5 26.Kh3 h4 27.gxh4 Nde5 28.Rd6 Kf7
29.Rxb6 Rh5 30.Rb7+ Kf8 31.Bh6+ Kg8 32.Rg7+ Kh8 33.Rxg6 Rxf5 34.Bg7+ Kh7
35.Rxf6 Rh5 36.Bf8 Nxc4 37.b3 Ne5 38.Rxa6  1-0

[Event "Hoogovens"]
[Site "Wijk aan Zee"]
[Date "1981.??.??"]
[Round "?"]
[White "Sosonko, Gennadi"]
[Black "Miles, Anthony J"]
[Result "1-0"]
[WhiteElo "2595"]
[BlackElo "2590"]

1.d4 Nf6 2.c4 e6 3.Nf3 b6 4.g3 Ba6 5.Nbd2 Bb7 6.Bg2 c5 7.e4 d6 8.d5 exd5
9.cxd5 Ba6 10.Bf1 Qc8 11.Qa4+ Nfd7 12.Bxa6 Qxa6 13.Qxa6 Nxa6 14.O-O Nb4 15.Nc4 f5
16.exf5 Nf6 17.Bg5 Nbxd5 18.Rad1 Kd7 19.Bxf6 Nxf6 20.Nfe5+ Kc7 21.Nf7 Rg8
22.Nfxd6 Bxd6 23.Nxd6 Rgd8 24.Nb5+ Kc6 25.Nc3 Rxd1 26.Rxd1 Re8 27.f3 b5 28.Kf2 b4
29.Ne2 Nd5 30.g4 a5 31.Ng3 c4 32.Ne4 Re5 33.Rc1 Nb6 34.f6 gxf6 35.Nxf6 Kb5
36.Ne4 Rd5 37.Ke2 Na4 38.b3 Nb6 39.bxc4+ Nxc4 40.a4+ Kxa4 41.Rxc4 Kb5 42.Rc7 a4
43.Rxh7 a3 44.Nd2  1-0

[Event "Hoogovens"]
[Site "Wijk aan Zee"]
[Date "1981.??.??"]
[Round "?"]
[White "Sosonko, Gennadi"]
[Black "Taimanov, Mark E"]
[Result "1/2-1/2"]
[WhiteElo "2595"]
[BlackElo "2500"]

1.d4 Nf6 2.c4 e6 3.Nf3 Bb4+ 4.Bd2 a5 5.g3 d5 6.Qc2 Nc6 7.Bg2 dxc4 8.Qxc4 Qd5
9.Qxd5 exd5 10.Nc3 Bf5 11.Nb5 O-O-O 12.Rc1 Bxd2+ 13.Nxd2 Rhe8 14.e3 Re7 15.Nf3  1/2-1/2

[Event "Hoogovens"]
[Site "Wijk aan Zee"]
[Date "1981.??.??"]
[Round "?"]
[White "Sosonko, Gennadi"]
[Black "Timman, Jan H"]
[Result "1-0"]
[WhiteElo "2595"]
[BlackElo "2620"]

1.d4 Nf6 2.c4 g6 3.Nc3 d5 4.Nf3 Bg7 5.Qb3 dxc4 6.Qxc4 O-O 7.e4 Bg4 8.Be3 Nfd7
9.Qb3 Nb6 10.Rd1 Nc6 11.d5 Ne5 12.Be2 Nxf3+ 13.gxf3 Bh5 14.Rg1 Qc8 15.Rg3 c6
16.a4 Kh8 17.a5 Nd7 18.Qa3 Re8 19.a6 Ne5 20.Bd4 f6 21.axb7 Qxb7 22.Bxe5 fxe5
23.dxc6 Qb6 24.Ba6 e6 25.Bb7 Rad8 26.Kf1 Rd4 27.Kg2 Bf8 28.Qa6 Qc5 29.Rc1 Bh6
30.Rc2 Red8 31.Qb5 Rc4 32.Qxc5 Rxc5 33.Re2 Rd4 34.Re1 Kg7 35.Ra1 a5 36.Ne2 Rd2
37.Rc1 Rxc1 38.Nxc1 Rc2 39.Ne2 Be3 40.fxe3 Rxe2+ 41.Kh3 Rc2 42.Rg2  1-0

[Event "Hoogovens"]
[Site "Wijk aan Zee"]
[Date "1981.??.??"]
[Round "?"]
[White "Timman, Jan H"]
[Black "Torre, Eugenio"]
[Result "1-0"]
[WhiteElo "2620"]
[BlackElo "2550"]

1.d4 d5 2.c4 c6 3.Nc3 Nf6 4.Nf3 e6 5.Bg5 dxc4 6.e4 b5 7.e5 h6 8.Bh4 g5 9.Nxg5 hxg5
10.Bxg5 Nbd7 11.g3 Qa5 12.exf6 b4 13.Ne4 Ba6 14.Be2 O-O-O 15.O-O Qf5 16.Qc2 Nb6
17.Rad1 Qh3 18.Bh4 Rxh4 19.gxh4 Bh6 20.h5 Bb7 21.Ng3 c5 22.d5 Bxd5 23.Rxd5 exd5
24.Qh7 Bf4 25.Qxf7 Kb8 26.Qg7 Qe6 27.Bg4 Qe5 28.h6 Qe8 29.h7 Qf8 30.Re1 Bh6
31.Qxf8 Rxf8 32.f7  1-0

[Event "Hoogovens"]
[Site "Wijk aan Zee"]
[Date "1981.??.??"]
[Round "?"]
[White "Ree, Hans"]
[Black "Andersson, Ulf"]
[Result "1/2-1/2"]
[WhiteElo "2485"]
[BlackElo "2610"]

1.d4 Nf6 2.c4 e6 3.Nf3 b6 4.g3 Bb7 5.Bg2 Be7 6.O-O O-O 7.Nc3 Ne4 8.Qc2 Nxc3
9.Qxc3 c5 10.Rd1 d6 11.b3 Bf6 12.Bb2 Qe7 13.Qe3 Nc6 14.Rd2 Rad8 15.Rad1 Ba8
16.h4 h6 17.dxc5 Bxb2 18.Rxb2 dxc5 19.Rbd2 Rxd2 20.Rxd2 Rd8 21.Qc3 Bb7 22.e3 Qc7
23.Rd3 Nb4 24.Rd2 Rxd2 25.Qxd2 Be4 26.Ne1 Bxg2 27.Nxg2 Qe5 28.Qd8+ Kh7 29.Qd7 Qa1+
30.Kh2 Qxa2 31.Qxf7 Qc2 32.Qxe6 Qxf2 33.Qe4+ Kg8 34.Qa8+ Kh7 35.Qe4+ Kg8
36.Qa8+ Kh7  1/2-1/2

[Event "Hoogovens"]
[Site "Wijk aan Zee"]
[Date "1981.??.??"]
[Round "?"]
[White "Unzicker, Wolfgang"]
[Black "Langeweg, Kick"]
[Result "0-1"]
[WhiteElo "2515"]
[BlackElo "2455"]

1.d4 Nf6 2.c4 e6 3.Nf3 b6 4.g3 Ba6 5.Qa4 Bb7 6.Bg2 c5 7.O-O cxd4 8.Nxd4 Bxg2
9.Kxg2 Qc8 10.Bf4 Qb7+ 11.f3 a6 12.Nc3 Be7 13.e4 O-O 14.Rfd1 d6 15.Nc2 Rd8
16.Nb4 Qc8 17.Be3 Nfd7 18.Nd3 Ra7 19.Rac1 Rc7 20.Ne2 h6 21.Qb3 Qb7 22.a3 Rdc8
23.Qa2 Nf6 24.Nd4 Nbd7 25.Kf2 Ne5 26.Nxe5 dxe5 27.Ne2 Rc6 28.b4 Ne8 29.Qd2 R6c7
30.Qd3 a5 31.bxa5 bxa5 32.Rb1 Qa6 33.Rdc1 Rc6 34.Rc3 Nd6 35.c5 Qxd3 36.Rxd3 Nc4
37.Rb7 Bf8 38.Rdd7 Nxe3 39.Kxe3 Bxc5+ 40.Kd3 Bxa3 41.f4  0-1

[Event "Hoogovens"]
[Site "Wijk aan Zee"]
[Date "1981.??.??"]
[Round "?"]
[White "Torre, Eugenio"]
[Black "Sosonko, Gennadi"]
[Result "1/2-1/2"]
[WhiteElo "2550"]
[BlackElo "2595"]

1.e4 c5 2.Nf3 d6 3.d4 cxd4 4.Nxd4 Nf6 5.Nc3 g6 6.Be2 Bg7 7.O-O Nc6 8.Nb3 O-O
9.Kh1 Be6 10.f4 Na5 11.f5 Bc4 12.e5 Bxe2 13.Nxe2 Ne8 14.fxg6 hxg6 15.e6 Nc6
16.Nf4 Ne5 17.Nd4 Nc7 18.exf7+ Rxf7 19.Nfe6 Nxe6 20.Nxe6 Rxf1+ 21.Qxf1 Qd7
22.Nxg7 Kxg7 23.b3 Qf5 24.Qxf5 gxf5 25.Bb2 Kf6 26.c4 Ke6 27.Re1 Rc8 28.Kg1 a6
29.a4 Rg8 30.Kf2 f4 31.b4 Kf5 32.Bxe5 dxe5 33.c5 e4 34.b5 e3+ 35.Kf1 Ke4
36.bxa6 bxa6 37.c6 Rc8 38.Rc1 Kd3 39.Ke1 e5 40.c7 e2 41.Rc6 e4  1/2-1/2

[Event "Hoogovens"]
[Site "Wijk aan Zee"]
[Date "1981.??.??"]
[Round "?"]
[White "Torre, Eugenio"]
[Black "Gheorghiu, Florin"]
[Result "0-1"]
[WhiteElo "2550"]
[BlackElo "2545"]

1.d4 Nf6 2.Nf3 e6 3.c4 b6 4.e3 Bb7 5.Bd3 c5 6.O-O Be7 7.b3 cxd4 8.exd4 d5
9.Bb2 Nc6 10.Nbd2 O-O 11.Rc1 Rc8 12.Re1 Re8 13.a3 dxc4 14.bxc4 g6 15.Bb1 Bf8
16.Ba2 Bg7 17.d5 exd5 18.Rxe8+ Nxe8 19.Bxg7 Kxg7 20.cxd5 Ne7 21.Rxc8 Nxc8
22.Nf1 Qf6 23.a4 Ncd6 24.Ne3 Ne4 25.Bb3 N8d6 26.Bc2 Qb2 27.h4 Nf6 28.Nh2 Qc3
29.Nhf1 Qe5 30.Bb3 Nde4 31.h5 Qf4 32.f3 Nc5 33.hxg6 hxg6 34.Bc4 Ne8 35.a5 Nd6
36.Be2 b5 37.Qa1+ Qf6 38.Qb1 Qd4 39.Bxb5 Bxd5 40.Be2 Bb3 41.Qc1 Be6 42.Kf2 Ndb7
43.a6 Na5 44.Nd2 Nc6 45.Ne4 Nxe4+ 46.fxe4 Ne5 47.Qc2 Bd7 48.Qd1 Qxe4 49.Bf3 Qh4+
50.Kg1 Qf4 51.Nd5 Qc4 52.Qa1 Qc5+ 53.Kh1 f6 54.Qc3 Qxc3 55.Nxc3 Nxf3 56.gxf3 Bc6
57.Kg2 Kf7 58.Kf2 Ke7 59.Ke3 Kd6 60.f4 Kc5 61.Ne2 Bb5 62.Nd4 Bc4 63.Nf3 Kb6
64.f5 gxf5 65.Nd4 Bxa6 66.Nxf5 Kc5 67.Ng3 Bb7 68.Kd3 Kd5 69.Nf5 Ke5 70.Nh6 Be4+
71.Kc3 Ke6 72.Kd4 Bb1 73.Kc3 Be4 74.Kd4 Bb7 75.Ke3 a5 76.Kd4 a4 77.Kc3 Bc6
78.Kb4 Bd7 79.Ka3 Kd6 80.Ng8 f5 81.Nf6 Bc6 82.Nh5 Ke5 83.Kb4 Be8 84.Ng3 f4
85.Nf1 Kd4 86.Nh2 Bh5  0-1

[Event "Hoogovens"]
[Site "Wijk aan Zee"]
[Date "1981.??.??"]
[Round "?"]
[White "Sveshnikov, Evgeny"]
[Black "Gheorghiu, Florin"]
[Result "1/2-1/2"]
[WhiteElo "2535"]
[BlackElo "2545"]

1.e4 c5 2.Nf3 d6 3.Nc3 a6 4.g3 Nc6 5.Bg2 e6 6.O-O Bd7 7.d4 cxd4 8.Nxd4 Nf6
9.b3 Be7 10.Nce2 Rc8 11.c4 b5 12.cxb5 Nxd4 13.Nxd4 axb5 14.Bd2 O-O 15.Bb4 d5
16.Bxe7 Qxe7 17.exd5 exd5 18.Qd2 Ne4 19.Qf4 b4 20.Rfe1 Rfe8  1/2-1/2

[Event "Hoogovens"]
[Site "Wijk aan Zee"]
[Date "1981.??.??"]
[Round "?"]
[White "Timman, Jan H"]
[Black "Browne, Walter S"]
[Result "1/2-1/2"]
[WhiteElo "2620"]
[BlackElo "2555"]

1.d4 Nf6 2.c4 e6 3.Nf3 b6 4.g3 Ba6 5.Qb3 d5 6.cxd5 Qxd5 7.Qc2 Nc6 8.Nc3 Bb4
9.Bd2 Bxc3 10.Bxc3 Ne4 11.Bg2 Rd8 12.Nd2 f5 13.Nxe4 fxe4 14.Rd1 Qxa2 15.Bxe4 Qc4
16.d5 Nb4 17.Bxb4 Qxb4+ 18.Kf1 Qc4 19.Bxh7 Qxe2+ 20.Kg2 Qxc2 21.Bxc2 Bb7
22.Ba4+ Ke7 23.Bc6 Bxc6 24.dxc6 Rd6 25.Rc1 Rh5 26.Rc4 Rd2 27.b4 Rf5 28.Rf1 Rb2
29.h4 Rb5 30.Rd1 R2xb4 31.Rd7+ Kf6 32.Rxb4 Rxb4 33.Rxc7 Rc4 34.Rc8 a5 35.c7 Kf7
36.h5 a4 37.h6 Kg6 38.Re8 Rxc7 39.Rxe6+ Kh7 40.Rxb6 Ra7 41.hxg7 Kxg7 42.Rb2 a3
43.Ra2 Kf6 44.Kf3 Kf5 45.Ke3 Kg4 46.Kd4 Kf3 47.Kc5 Ra4 48.Kd5 Rg4 49.Ke5 Ra4  1/2-1/2

[Event "Hoogovens"]
[Site "Wijk aan Zee"]
[Date "1981.??.??"]
[Round "?"]
[White "Timman, Jan H"]
[Black "Andersson, Ulf"]
[Result "1-0"]
[WhiteElo "2620"]
[BlackElo "2610"]

1.d4 Nf6 2.c4 e6 3.Nf3 b6 4.a3 Bb7 5.Nc3 Ne4 6.Nxe4 Bxe4 7.e3 Be7 8.Bd3 Bxd3
9.Qxd3 d5 10.O-O O-O 11.e4 dxe4 12.Qxe4 Nd7 13.Qc6 Nf6 14.Bf4 Qd7 15.Qxd7 Nxd7
16.Rad1 c6 17.Rfe1 Rfe8 18.d5 cxd5 19.cxd5 exd5 20.Rxd5 Nf8 21.Kf1 Bf6 22.Rxe8 Rxe8
23.Nd4 Ng6 24.Bd2 Ne5 25.b3 h6 26.h3 Rc8 27.Ke2 Nc6 28.Nxc6 Rxc6 29.Rd7 a6
30.Kd3 Kf8 31.a4 Ke8 32.Rb7 Rd6+ 33.Ke2 Bd4 34.Be3 Re6 35.b4 Bxe3 36.fxe3 h5
37.Kd3 h4 38.Ra7 b5 39.a5 Rc6 40.Kd4 Kf8 41.Kd5 Rg6 42.e4 Ke8 43.Kc5 Re6
44.Rb7 Rxe4 45.Kb6 Rxb4 46.Kxa6 Rb2 47.Kb6 Rxg2 48.a6 Ra2 49.a7 g5 50.Kc5 f5
51.Rb8+ Kf7 52.a8=Q Rxa8 53.Rxa8 g4 54.Kd4 gxh3 55.Rh8  1-0

[Event "Hoogovens"]
[Site "Wijk aan Zee"]
[Date "1981.??.??"]
[Round "?"]
[White "Taimanov, Mark E"]
[Black "Timman, Jan H"]
[Result "0-1"]
[WhiteElo "2500"]
[BlackElo "2620"]

1.Nf3 Nf6 2.g3 d5 3.Bg2 c6 4.b3 Bg4 5.Bb2 e6 6.O-O Nbd7 7.d3 a5 8.a3 Bd6
9.Nbd2 O-O 10.c4 Re8 11.Qc2 e5 12.e4 dxe4 13.Nxe4 Nxe4 14.dxe4 Bc5 15.Rfd1 Qf6
16.h3 Bxf3 17.Rxd7 Rad8 18.Rxd8 Rxd8 19.Bc3 Bd4 20.b4 axb4 21.axb4 h5 22.h4 Bxg2
23.Kxg2 Qe6 24.Qd3 g6 25.Be1 Qf6 26.Rd1 Ra8 27.Qb3 Qe6 28.Bc3 Rd8 29.Bxd4 exd4
30.Qd3 b6 31.c5 bxc5 32.bxc5 Qe5 33.Rc1 Re8 34.f3 Ra8 35.Qc4 Ra3 36.Rd1 Rc3
37.Qa4 d3 38.Qxc6 Rxc5 39.Qa8+ Kh7 40.Qa6 Rc2+ 41.Kh3 Qb2  0-1

[Event "Hoogovens"]
[Site "Wijk aan Zee"]
[Date "1981.??.??"]
[Round "?"]
[White "Taimanov, Mark E"]
[Black "Andersson, Ulf"]
[Result "1/2-1/2"]
[WhiteElo "2500"]
[BlackElo "2610"]

1.d4 Nf6 2.c4 e6 3.Nf3 b6 4.g3 Ba6 5.Nbd2 Bb7 6.Bg2 c5 7.O-O cxd4 8.Nxd4 Bxg2
9.Kxg2 Qc7 10.b3 a6 11.Bb2 Be7 12.e3 O-O 13.Qf3 Ra7 14.Ne4 Nxe4 15.Qxe4 Qb7
16.Qxb7  1/2-1/2

[Event "Hoogovens"]
[Site "Wijk aan Zee"]
[Date "1981.??.??"]
[Round "?"]
[White "Sveshnikov, Evgeny"]
[Black "Torre, Eugenio"]
[Result "1/2-1/2"]
[WhiteElo "2535"]
[BlackElo "2550"]

1.e4 e6 2.d4 d5 3.e5 c5 4.c3 Nc6 5.Nf3 Bd7 6.a3 Nge7 7.Bd3 Ng6 8.h4 cxd4
9.cxd4 Qb6 10.Bc2 Rc8 11.Nc3 Nge7 12.Rb1 Na5 13.O-O Nc4 14.Qe2 Nc6 15.Rd1 a6
16.Ra1 Qa5 17.Ng5 Be7 18.Qh5 g6 19.Qf3 Nd8 20.Ra2 Qc7 21.Bd3 Qb6 22.Bc2 Qc7
23.a4 Na5 24.h5 Nac6 25.Bb1 Qb6 26.a5 Qb4 27.Be3  1/2-1/2